Cuando cae la noche / (Registro nro. 37319)

Detalles MARC
000 -CABECERA
Longitud fija campo de control 00751nam a2200205 4500
003 - • IDENTIFICADOR DELl NÚMERO DE CONTROL
Identificador del número de control CO-ViMGA
020 ## - • NÚMERO INTERNACIONAL NORMALIZADO PARA LIBROS
Número Internacional Normalizado para Libros (ISBN) 9789587660913
040 ## - FUENTE DE LA CATALOGACIÓN
Centro catalogador de origen CO-ViMGA
Lengua de catalogación spa
Centro transcriptor CO-ViMGA
082 04 - • NÚMERO DE LA CLASIFICACIÓN DECIMAL DEWEY
Número de clasificación (R) I 529.1
Número del ítem D76c
100 1# - • PUNTO DE ACCESO PRINCIPAL-NOMBRE DE PERSONA
Nombre de persona Droop, Constanza
245 10 - • TITULO PROPIAMENTE DICHO
Título Cuando cae la noche /
Mención de responsabilidad, etc. ilustraciones y textos, Constanza Droop ; traducción del alemán, Zenaida Acosta
300 ## - • DESCRIPCIÓN FÍSICA
Extensión [16] páginas :
Otras características físicas il. ; color ; 20 cm.
490 ## - • MENCIÓN DE SERIE
Mención de serie ¿Qué, cómo, por qué?.
Designación de volumen o secuencia Júnior
500 ## - • NOTA GENERAL
Nota general Para niños de 3 años en adelante
534 ## - • Nota De Versión Original
-- Título original:
Título Wenn es dunkel wird
650 14 - • PUNTO DE ACCESO ADICIONAL DE MATERIA - TÉRMINO DE MATERIA
Término de materia o nombre geográfico como elemento inicial Noche
Subdivisión de forma Preguntas y respuestas
Subdivisión de materia general Literatura juvenil
700 1# - • PUNTO DE ACCESO ADICIONAL - NOMBRE DE PERSONA
Nombre de persona Acosta, Zenaida
Término indicativo de función tr.
942 ## - ENTRADA DE ELEMENTOS AGREGADOS (KOHA)
Fuente de clasificaión o esquema Dewey Decimal Classification
Koha [por defecto] tipo de item LIbro
Existencias
Perdido Fuente de clasificación o esquema Estado Físico No para préstamo Forma de adquisición Localización permanente Localización actual Fecha adquisición Préstamos totales Signatura completa Código de barras Fecha última consulta Fecha del precio de reemplazo Tipo de item de Koha
  Dewey Decimal Classification     Sala Infantil Segundo Piso Biblioteca Pública Germán Arciniegas - Villavicencio Biblioteca Pública Germán Arciniegas - Villavicencio 04/15/2020   I 529.1 D76c 33293 04/15/2020 04/15/2020 LIbro
  Dewey Decimal Classification     Sala Infantil Segundo Piso Biblioteca Pública Germán Arciniegas - Villavicencio Biblioteca Pública Germán Arciniegas - Villavicencio 04/15/2020   I 529.1 D76c 33294 04/15/2020 04/15/2020 LIbro









Instituto Departamental de Cultura del Meta - Red Departamental de Bibliotecas Públicas del Meta.